[Event "Eastern Ontario Open"]
[Site "Ottawa, Canada"]
[Date "2024.06.16"]
[Round "5.2"]
[White "Moses, Neil"]
[Black "Chiku-Ratte, Olivier Kenta"]
[Result "0-1"]
[WhiteElo "2225"]
[BlackElo "2455"]
[Annotator "John Upper"]
[PlyCount "52"]
[EventDate "2024.??.??"]
[SourceTitle "Chess Canada '24.08"]
[Source "CFC/John Upper"]
[SourceDate "2024.08.27"]
[SourceVersion "1"]
[SourceVersionDate "2024.08.21"]
[SourceQuality "1"]
[WhiteClock "0:32:31"]
[BlackClock "0:18:12"]

{[%mdl 40960]} 1. Nf3 Nf6 2. g3 b6 3. Bg2 Bb7 4. d4 e6 5. O-O Be7 6. c4 c5 7.
d5 $1 {[#]A pseudo-sac which turns the game into a Benoni where both of
Black's Bs are misplaced: Black's LSB concedes f5 and imagining some of the
following postiions with the black B on g7 will show you how much better it
would be there.  This line is so good for White that the strongest Black
players do not risk 6...c5 against their closest rivals, but go for ...00 and .
..Ne4, or ...d6. I'll assume the IM playing Black knows all this, but hoped
he'd be able to outplay his lower-rated opponent in the complications....
which he does.} exd5 8. Nh4 O-O 9. cxd5 ({Here's the first game in the
database with this d4-d5, Nh4 sac idea. It leaves a very Capablanca-like
impression:} 9. Nc3 Re8 10. Nf5 {Analysis Diagram} d6 11. Nxd5 (11. Ne3 $5 {
is a neat way to redirect the Nfrom f3 to d5.}) 11... Nxd5 12. Bxd5 $1 {
[%mdl 64] [#]Analysis Diagram Critical Position ...Bxd5 or ...Nc6} Bxd5 (12...
Nc6 $2 13. Bxf7+ $3 $18 {leads to a winning king hunt where litterally every
one of White's moves is the only way to win.} Kxf7 14. Qd5+ $8 Kf6 $1 (14...
Kf8 $2 15. Nh6 $3) 15. Bg5+ $8 Kxg5 16. Qf7 $8 Bf6 17. Nxg7 $8 Bxg7 18. h4+ $8
Kh6 19. Qf4+ $8 Kg6 20. h5+ $8 Kxh5 21. g4+ $8 Kh4 22. Kg2 $8 Nd4+ 23. e4 $8
Bxe4+ 24. f3 $8 Bxf3+ 25. Rxf3 $8 Re2+ 26. Rf2 $8 Rxf2+ 27. Kxf2 $8 {and Rh1#.}
) 13. Qxd5 Nd7 14. Rd1 $1 (14. Nxd6 $2 Bxd6 15. Qxd6 Rxe2 16. Rd1 {looks like
trouble, but Black escapes with} Qf6 ({or even the clever} 16... Re8 $5)) 14...
Nf6 15. Qf3 $1 Bf8 16. Bg5 $1 Re6 $1 17. Rd3 Qe8 {[#]Analysis Diagram} 18. Nh6+
$1 {The "petite combinaison".} gxh6 (18... Kh8 19. Nxf7+ {overloads the Q.})
19. Bxf6 Bg7 20. Bxg7 Kxg7 21. Rad1 $18 {Frydman,P-Kohn,S POL-ch02 Lodz 1927 
(9) 1-0 and White converted his huge positional advantage.}) 9... d6 10. Nc3
Re8 11. e4 Bf8 {[#]} 12. f4 $6 {Here, and on the next few moves, SF would play
Nf5 as White, and prevent it with ...g6 as Black.} (12. Nf5 $142 $1 {White
threatens to clamp with a4 or attack with g4-g5, and ...b5 now fails with the
N on f5:} b5 $2 13. Nxb5 $1 Nxe4 14. Qg4 $18 {Forking e4 and g7, which is the
big difference between Nf5 and f2-f4. Black can squirm, but ends up in with a
fatally weak K.} g6 (14... Nf6 15. Nh6+ $1 $18 {and the Bb7 hangs at the end.})
15. Bxe4 Bc8 16. Bd3 Kh8 (16... Qd7 17. Nh6+ $1 Bxh6 18. Qxd7 Bxd7 19. Nc7 $18)
17. Nfxd6 Bxd6 18. Nxd6 Qxd6 19. Qf3 $18 {White's up only a pawn, but the dark
square weaknesses around the black K are worth a couple more.}) 12... Nfd7 (
12... b5 $142 $1 $13 13. e5 b4 14. exf6 bxc3 $13) 13. Re1 Na6 14. Nf3 c4 {[#]}
15. Bf1 $6 {The beginning of a sequence that sees White trade his e4 pawn for
Black's a and c-pawns -- a good trade for Black.} (15. Nd4 $142 Nac5 16. b3 $1
$16) (15. e5 $2 {doesn't work, and the reasons why show why some players love
the Benoni:} dxe5 16. fxe5 Nb4 $1 17. Bf1 (17. e6 $2 fxe6 18. dxe6 Bc5+ 19. Be3
(19. Kh1 Nd3 $19) 19... Nd3 $19) 17... b5 $1 {threatening ...Nc5 and ...Nbd3,
when Black's Ns attack White's advanced center from the rear.} 18. a3 $5 Nxd5
$3 (18... Qb6+ {aiming for ...Nxd5 and doubling on the diagonal works too!})
19. Nxd5 Nc5 $19 {and suddenly the Bb7 makes sense: one of the white Ns will
drop.}) 15... Rc8 (15... b5 $5 {another Benoni like sac for rapid development.}
) 16. Nb5 Ndc5 17. Nxa7 Ra8 18. Nb5 Nxe4 $13 {[#]} 19. Bxc4 Qc8 $6 {The Q is
not well placed here: ...Qc5 is not really a threat, and Black will lose time
if his Ne4 has to move. There are lines where Black gets ...Nxd5xf4 and ...
Qg4+, but White can avoid them.} (19... Nf6 $142) 20. b3 Nb4 {[#]} 21. Be3 $2 {
Chess is hard. SF rates this completely normal looking move as nearly -2
points worse than a2-a4!  The reasons -- as in many Benoni positions -- are
highly tactical, and can only be understood through variations:} (21. a4 $142
$16 {makes the a-pawn safe and gives the DSB a good square on a3. The tactics
work for White, since the double attack created by ...Qc5+ always fails to a N
fork on c7:} Bxd5 $2 (21... Nxd5 $2 22. Bxd5 Qc5+ 23. Be3 Qxd5 24. Qxd5 Bxd5
25. Nc7 $18) ({And if Black continues as in the game} 21... Nf6 22. Rxe8 Nxe8
23. Ba3 $1 $16 {chases a N that is menacing d5 back to the edge of the board.
Once again, the double-attack with} Qc5+ {fails to} 24. Nfd4 $1 {now Black can
win the d5 pawn at the cost of fatally tangling his pieces:} Nf6 25. Rc1 Nfxd5
26. Qd2 {tying Black to the Nb4 and now moving the Bc4 wins.}) 22. Bxd5 Qc5+
23. Be3 Qxd5 24. Nc7 $1 $16 {is a triple fork, so exchanging on d1 doesn't
save Black.}) 21... Nf6 $1 {Suddenly Black is better!} 22. Bxb6 $6 ({SF prefers
} 22. Bd4 $15 {since taking the b-pawn loses a tempo in a volitle position
after ...Nxd5. I'll leave it to readers to pursue this.}) 22... Nfxd5 $6 {[#]}
({Again, SF rates} 22... Nbxd5 {as +1 better. Giving up pressure on a2 for
kingside tactics using the Nf6, maybe?}) 23. Rxe8 $2 (23. Bf2 $142 Rxe1+ 24.
Nxe1 $13) 23... Qxe8 {The loose Bb6 now costs White. Had he played 22.Bd4
instead of taking on b6 he could now go Qd2 with equality.} 24. Bf2 Ne3 $1 $19
{[#]White's king will be so exposed that he is now lost no matter which white
B gets traded for the N.} 25. Bxe3 {This speeds things up due to the pretty
tactic Black plays in the game, but the best alternatives were trickier but
not objectively better: after exchanges Black has a winning attack on the
light squares.} (25. Nc7 $2 Nxd1 26. Nxe8 Bxf3 $19) (25. Qd2 {(makes the Q
safe and forks the Ns)} Nec2 $1 26. Rc1 Bxf3 27. Nc7 Qb8 $1 {very important,
and much better than ...Qc6: Black will recapture on a8 with the B, and then
put the Q on the tip of the spear.} (27... Qc6 $2 28. Nxa8 Qxa8 29. Rxc2 Nxc2
$44 {White will be a pawn up, but his K is very exposed.}) 28. Nxa8 Bxa8 29.
Rxc2 Qb7 $19) (25. Qe2 {changes the tactics, but the fundamental idea is the
same: Black wins by keeping the queen and LSB on.} Nxc4 $8 26. Qxc4 (26. Qxe8 {
hangs f3.}) 26... Bxf3 27. Qxb4 Rb8 $8 28. Nc7 $5 (28. a4 Ba8 $19) (28. Qc3 Bb7
$1 $19) 28... Qc8 29. Qc3 Qb7 $19) 25... Qxe3+ 26. Kg2 {[#]} Nc2 $1 ({After} 
26... Nc2 {White can save the R with} 27. Rc1 {but just like the Vettese -
Stevens game, a N on the rim is a grim reaper:} (27. Qxc2 Qxf3+ $19 {wins the
Ra1.}) 27... Ne1+ $1 28. Qxe1 (28. Kh3 Nxf3 $19 {with an extra piece and a
massive attack.}) 28... Qxf3+ 29. Kh3 Qh5#) 0-1